BUSINESS (Record no. 215868)
[ view plain ]
| 000 -LEADER | |
|---|---|
| fixed length control field | 00615nam a22001937a 4500 |
| 008 - FIXED-LENGTH DATA ELEMENTS--GENERAL INFORMATION | |
| fixed length control field | 250709b |||||||| |||| 00| 0 eng d |
| 020 ## - INTERNATIONAL STANDARD BOOK NUMBER | |
| International Standard Book Number | 978-1-285-09515-8 |
| 050 ## - LIBRARY OF CONGRESS CALL NUMBER | |
| Classification number | HD 70 .U5 P75 2018 |
| 100 ## - MAIN ENTRY--PERSONAL NAME | |
| Personal name | PRIDE, WILLIAM M. |
| 245 ## - TITLE STATEMENT | |
| Title | BUSINESS |
| 250 ## - EDITION STATEMENT | |
| Edition statement | 12 |
| 260 ## - PUBLICATION, DISTRIBUTION, ETC. | |
| Place of publication, distribution, etc. | AUSTRALIA |
| Name of publisher, distributor, etc. | SOUTH-WESTERN CENGAGE LEARNING |
| Date of publication, distribution, etc. | 2018 |
| 300 ## - PHYSICAL DESCRIPTION | |
| Extent | XXI,646P.:ILL |
| 500 ## - GENERAL NOTE | |
| General note | INCLUDES INDEX |
| 650 ## - SUBJECT ADDED ENTRY | |
| Topical term or geographic name entry element | 1. INDUSTRIAL MANAGEMENT--UNITED STATES 2. BUSINESS ENTERPRISES--UNITED STATES 3. BUSINESS 4. MANAGEMENT |
| 700 ## - ADDED ENTRY--PERSONAL NAME | |
| Personal name | 1. HUGHES, ROBERT J. 2. KAPOOR, JACK R. |
| 942 ## - ADDED ENTRY ELEMENTS (KOHA) | |
| Source of classification or shelving scheme | Library of Congress Classification |
| Koha item type | Long Loan Book |
| Withdrawn status | Lost status | Source of classification or shelving scheme | Damaged status | Not for loan | Collection | Home library | Current library | Shelving location | Date acquired | Inventory number | Total checkouts | Full call number | Barcode | Date last seen | Copy number | Price effective from | Koha item type |
|---|---|---|---|---|---|---|---|---|---|---|---|---|---|---|---|---|---|
| Library of Congress Classification | Business & Economics | Kisii University Library | Kisii University Library | On Display | 07/09/2025 | 109030 | HD 70 .U5 P75 2014 | 000000018599 | 07/09/2025 | 4 | 07/09/2025 | Long Loan Book | |||||
| Library of Congress Classification | Business & Economics | Kisii University Library | Kisii University Library | On Display | 07/09/2025 | 109031 | HD 70 .U5 P75 2014 | 000000018598 | 07/09/2025 | 5 | 07/09/2025 | Long Loan Book | |||||
| Library of Congress Classification | Business & Economics | Kisii University Library | Kisii University Library | On Display | 07/09/2025 | 109032 | HD 70 .U5 P75 2014 | 000000018597 | 07/09/2025 | 6 | 07/09/2025 | Long Loan Book | |||||
| Library of Congress Classification | Business & Economics | Kisii University Library | Kisii University Library | On Display | 07/09/2025 | 109033 | HD 70 .U5 P75 2014 | 000000020552 | 07/09/2025 | 7 | 07/09/2025 | Long Loan Book | |||||
| Library of Congress Classification | Business & Economics | Kisii University Library | Kisii University Library | On Display | 07/09/2025 | 109034 | HD 70 .U5 P75 2014 | 000000020551 | 07/09/2025 | 8 | 07/09/2025 | Long Loan Book | |||||
| Library of Congress Classification | Business & Economics | Kisii University Library | Kisii University Library | On Display | 07/09/2025 | 97675 | HD 70 .U5 P75 2014 | 047345 | 07/09/2025 | 1 | 07/09/2025 | Long Loan Book | |||||
| Library of Congress Classification | Business & Economics | Kisii University Library | Kisii University Library | On Display | 07/11/2025 | 97676 | HD 70 .U5 P75 2014 | 047346 | 07/11/2025 | 2 | 07/11/2025 | Long Loan Book | |||||
| Library of Congress Classification | Business & Economics | Kisii University Library | Kisii University Library | On Display | 07/11/2025 | 97677 | HD 70 .U5 P75 2014 | 047347 | 07/11/2025 | 3 | 07/11/2025 | Long Loan Book |